Tour de France 2024 - Vainqueurs d'étape (1ère partie) - Statistiques

Statistiques générales
  • Ce quiz a été pris 28 fois
  • Le résultat moyen est 8 sur 11
Statistiques - réponses
Indice Réponse % Correct
Étape 4 : Pinerolo - Valloire Tadej Pogacar
100%
Étape 1 : Florence - Rimini Romain Bardet
96%
Étape 8 : Semur-en-Auxois - Colombey-les-Deux-Eglises Biniam Girmay
71%
Étape 3 : Plaisance - Turin Biniam Girmay
71%
Étape 10 : Orléans - Saint-Amand-Montrond Jasper Philipsen
71%
Étape 11 : Évaux-les-Bains - Le Lioran Jonas Vingegaard
71%
Étape 7 : Nuits-Saint-Georges - Gevrey-Chambertin Remco Evenepoel
71%
Étape 2 : Cesenatico - Bologne Kévin Vauquelin
68%
Étape 5 : Saint-Jean-de-Maurienne - Saint-Vulbas Mark Cavendish
57%
Étape 9 : Troyes - Troyes Anthony Turgis
43%
Étape 6 : Mâcon - Dijon Dylan Groenewegen
39%
Aucun quiz correspondant
Distribution des résultats
% des personnes avec chaque résultat
Percentile par nombre de réponses
Votre historique - résultats
Vous n’avez pas pris ce quiz